[Event "Aeroflot Open 2010"]
[Site "Moscu RUS"]
[Date "2010.02.10"]
[Round "2.1"]
[White "Le, Quang Liem"]
[Black "Bacrot, Etienne"]
[Result "1-0"]
[WhiteElo "2647"]
[BlackElo "2713"]
[PlyCount "109"]
[EventDate "2010.02.09"]
[EventType "swiss"]
[EventRounds "9"]
[EventCountry "RUS"]
[Source "lmi"]
[SourceDate "2010.02.09"]

1. d4 d5 2. c4 c6 3. Nf3 Nf6 4. e3 a6 5. Nc3 b5 6. b3 Bg4 7. h3 Bxf3 8. Qxf3 e5
9. dxe5 Bb4 10. Bd2 Bxc3 11. Bxc3 Ne4 12. Bb4 bxc4 13. Qg4 c5 14. f3 cxb4 15.
fxe4 O-O 16. exd5 Nd7 17. Qd4 cxb3 18. axb3 Qg5 19. Qf4 Qg6 20. Rd1 Qc2 21. Bc4
Qc3+ 22. Ke2 Nxe5 23. d6 Rad8 24. Rd5 Rfe8 25. Rhd1 h6 26. Qd4 Qc2+ 27. Rd2 Qf5
28. Rc5 Qg5 29. Kd1 Qf6 30. Bxa6 Re6 31. Rc8 Rxc8 32. Bxc8 Qf1+ 33. Kc2 Re8 34.
d7 Nxd7 35. Bxd7 Ra8 36. Qxb4 Ra2+ 37. Kc3 Qe1 38. Kd3 Ra1 39. Qb8+ Kh7 40. Qf4
Qb1+ 41. Kc3 Qc1+ 42. Rc2 Qe1+ 43. Kc4 Kg8 44. Qe4 Qa5 45. b4 Qa6+ 46. Bb5 Qf6
47. Qd4 Qe6+ 48. Kc3 Re1 49. Be2 Qc6+ 50. Bc4 Qa4 51. Qd8+ Kh7 52. Qd3+ Kg8 53.
Ra2 Qc6 54. b5 Qf6+ 55. Kb3 1-0

[Event "Aeroflot Open 2010"]
[Site "Moscu RUS"]
[Date "2010.02.10"]
[Round "2.3"]
[White "Bu, Xiangzhi"]
[Black "Savchenko, Boris"]
[Result "1-0"]
[WhiteElo "2673"]
[BlackElo "2638"]
[PlyCount "73"]
[EventDate "2010.02.09"]
[EventType "swiss"]
[EventRounds "9"]
[EventCountry "RUS"]
[Source "lmi"]
[SourceDate "2010.02.09"]

1. Nf3 d5 2. d4 c6 3. c4 e6 4. Bg5 Be7 5. Bxe7 Nxe7 6. Nbd2 Qa5 7. e3 O-O 8.
Qc2 c5 9. cxd5 cxd4 10. dxe6 Bxe6 11. Nxd4 Nbc6 12. Nxe6 fxe6 13. Bc4 Nd5 14.
O-O Ne5 15. Qe4 Nf6 16. Bxe6+ Kh8 17. Nc4 Nxc4 18. Qxc4 Rae8 19. Rad1 Qe5 20.
Bd5 Nxd5 21. Rxd5 Qxb2 22. Rb5 Qf6 23. Rxb7 a5 24. Rc7 Rd8 25. h3 Rd2 26. Rc8
h6 27. Rxf8+ Qxf8 28. a4 Rb2 29. Qd5 Qb4 30. Rc1 Qf8 31. f4 Qe8 32. Kh2 Kh7 33.
Rc6 Rb8 34. Qf5+ Kh8 35. Re6 Qxa4 36. Qe5 Qb3 37. Rg6 1-0

[Event "Aeroflot Open 2010"]
[Site "Moscu RUS"]
[Date "2010.02.10"]
[Round "2.4"]
[White "Mamedov, Rauf"]
[Black "Najer, Evgeniy"]
[Result "1/2-1/2"]
[WhiteElo "2640"]
[BlackElo "2665"]
[PlyCount "37"]
[EventDate "2010.02.09"]
[EventType "swiss"]
[EventRounds "9"]
[EventCountry "RUS"]
[Source "lmi"]
[SourceDate "2010.02.09"]

1. e4 e5 2. Nf3 Nc6 3. d4 exd4 4. Nxd4 Bc5 5. Be3 Qf6 6. c3 Nge7 7. Bc4 O-O 8.
O-O b6 9. a3 a5 10. f4 d5 11. exd5 Nxd4 12. Bxd4 Bxd4+ 13. Qxd4 Qxd4+ 14. cxd4
Bb7 15. Nc3 Rad8 16. Rac1 Nxd5 17. Bxd5 Bxd5 18. Nxd5 Rxd5 19. Rxc7 1/2-1/2

[Event "Aeroflot Open 2010"]
[Site "Moscu RUS"]
[Date "2010.02.10"]
[Round "2.6"]
[White "Khalifman, Alexander"]
[Black "Vescovi, Giovanni"]
[Result "1/2-1/2"]
[WhiteElo "2616"]
[BlackElo "2660"]
[PlyCount "37"]
[EventDate "2010.02.09"]
[EventType "swiss"]
[EventRounds "9"]
[EventCountry "RUS"]
[Source "lmi"]
[SourceDate "2010.02.09"]

1. d4 Nf6 2. c4 g6 3. Nf3 Bg7 4. g3 O-O 5. Bg2 d5 6. cxd5 Nxd5 7. O-O c5 8. Nc3
Nxc3 9. bxc3 Nc6 10. Be3 cxd4 11. Nxd4 Bd7 12. Rb1 Qc7 13. Qb3 b6 14. Rfd1 Na5
15. Qb4 Rae8 16. Bg5 Bf6 17. Bh6 Bg7 18. Bg5 Bf6 19. Bh6 1/2-1/2

[Event "Aeroflot Open 2010"]
[Site "Moscu RUS"]
[Date "2010.02.10"]
[Round "2.7"]
[White "Rakhmanov, Aleksandr"]
[Black "Efimenko, Zahar"]
[Result "1/2-1/2"]
[WhiteElo "2591"]
[BlackElo "2668"]
[PlyCount "58"]
[EventDate "2010.02.09"]
[EventType "swiss"]
[EventRounds "9"]
[EventCountry "RUS"]
[Source "lmi"]
[SourceDate "2010.02.09"]

1. d4 Nf6 2. c4 e6 3. Nc3 Bb4 4. e3 b6 5. Bd3 Bb7 6. Nge2 Bxg2 7. Rg1 Be4 8. a3
Bxc3+ 9. Nxc3 Bg6 10. e4 d5 11. Bg5 dxc4 12. Bxc4 Qd7 13. Bxf6 gxf6 14. h4 h5
15. d5 exd5 16. Nxd5 Qd6 17. Qa4+ Kf8 18. O-O-O a6 19. Qb4 Qxb4 20. axb4 b5 21.
Bb3 Nc6 22. f4 f5 23. e5 a5 24. bxa5 Nxa5 25. Ba2 c5 26. Nb6 Ra6 27. Rd6 Ra7
28. Nd7+ Ke7 29. Nf6 Nc4 1/2-1/2

[Event "Aeroflot Open 2010"]
[Site "Moscu RUS"]
[Date "2010.02.10"]
[Round "2.8"]
[White "Kosintseva, Nadezhda"]
[Black "Grachev, Boris"]
[Result "1/2-1/2"]
[WhiteElo "2533"]
[BlackElo "2653"]
[PlyCount "79"]
[EventDate "2010.02.09"]
[EventType "swiss"]
[EventRounds "9"]
[EventCountry "RUS"]
[Source "lmi"]
[SourceDate "2010.02.09"]

1. e4 e6 2. d4 d5 3. Nc3 Nf6 4. e5 Nfd7 5. f4 c5 6. Nf3 Nc6 7. Be3 Be7 8. Be2
a6 9. Qd2 O-O 10. O-O b5 11. Nd1 b4 12. dxc5 Nxc5 13. Nf2 Bb7 14. Nd4 Ne4 15.
Nxe4 dxe4 16. Nb3 Qc7 17. c3 Rfd8 18. Qc2 bxc3 19. Qxc3 Rac8 20. Rad1 h6 21. a3
Qb8 22. Nc5 Bxc5 23. Bxc5 Rxd1 24. Bxd1 Ne7 25. b4 a5 26. Bc2 axb4 27. axb4 Ba6
28. Ra1 Nd5 29. Qd4 Bd3 30. Bxd3 exd3 31. Rd1 Qb5 32. f5 Rb8 33. Qxd3 Qxd3 34.
Rxd3 Nxb4 35. Bxb4 Rxb4 36. Rd8+ Kh7 37. fxe6 fxe6 38. Rd6 Re4 39. Rxe6 Kg8 40.
Kf2 1/2-1/2

[Event "Aeroflot Open 2010"]
[Site "Moscu RUS"]
[Date "2010.02.10"]
[Round "2.9"]
[White "Kosintseva, Tatiana"]
[Black "Timofeev, Artyom"]
[Result "1/2-1/2"]
[WhiteElo "2515"]
[BlackElo "2652"]
[PlyCount "41"]
[EventDate "2010.02.09"]
[EventType "swiss"]
[EventRounds "9"]
[EventCountry "RUS"]
[Source "lmi"]
[SourceDate "2010.02.09"]

1. e4 c5 2. Nf3 d6 3. d4 cxd4 4. Nxd4 Nf6 5. Nc3 e6 6. Be3 Nc6 7. Qd2 Be7 8. f3
O-O 9. O-O-O d5 10. Be2 a6 11. g4 dxe4 12. Nxc6 Qxd2+ 13. Rxd2 bxc6 14. Nxe4
Nxe4 15. fxe4 e5 16. Rd3 a5 17. a3 Ba6 18. Rd2 Bc8 19. Rd3 Ba6 20. Rd2 Bc8 21.
Rd3 1/2-1/2

[Event "Aeroflot Open 2010"]
[Site "Moscu RUS"]
[Date "2010.02.10"]
[Round "2.13"]
[White "Sjugirov, Sanan"]
[Black "Naiditsch, Arkadij"]
[Result "1-0"]
[WhiteElo "2610"]
[BlackElo "2687"]
[PlyCount "95"]
[EventDate "2010.02.09"]
[EventType "swiss"]
[EventRounds "9"]
[EventCountry "RUS"]
[Source "lmi"]
[SourceDate "2010.02.09"]

1. e4 e5 2. Nf3 Nc6 3. Bb5 Nf6 4. O-O Nxe4 5. d4 Nd6 6. dxe5 Nxb5 7. a4 Nbd4 8.
Nxd4 Nxd4 9. Qxd4 d5 10. Qd3 c6 11. a5 g6 12. Be3 Be6 13. Nd2 Bg7 14. Bc5 Bxe5
15. Rfe1 b6 16. axb6 axb6 17. Rxa8 Qxa8 18. Bxb6 Bxb2 19. Bc5 Qa5 20. Qb3 Qxc5
21. Qb8+ Ke7 22. Qb7+ Kd6 23. Qxb2 Ra8 24. Qe5+ Kd7 25. Ne4 Qb4 26. Ng5 Ra2 27.
Nxe6 fxe6 28. Qxe6+ Kc7 29. Qe5+ Kb7 30. h3 Rxc2 31. Qe8 Kb6 32. Qb8+ Kc5 33.
Qa7+ Kc4 34. Ra1 Kb3 35. Ra6 Qe1+ 36. Kh2 Qe5+ 37. g3 Kb2 38. Rb6+ Kc1 39. Qa3+
Kd2 40. Rb3 Qd4 41. Re3 c5 42. Qa5+ Kc1 43. Qa3+ Rb2 44. Re2 Qb4 45. Qa1+ Rb1
46. Qa2 Qc3 47. Qxd5 Rb2 48. Qh1+ 1-0

[Event "Aeroflot Open 2010"]
[Site "Moscu RUS"]
[Date "2010.02.10"]
[Round "2.14"]
[White "Sargissian, Gabriel"]
[Black "Khairullin, Ildar"]
[Result "1/2-1/2"]
[WhiteElo "2680"]
[BlackElo "2605"]
[PlyCount "44"]
[EventDate "2010.02.09"]
[EventType "swiss"]
[EventRounds "9"]
[EventCountry "RUS"]
[Source "lmi"]
[SourceDate "2010.02.09"]

1. d4 Nf6 2. c4 e6 3. Nc3 Bb4 4. e3 O-O 5. Bd3 d5 6. Nf3 c5 7. O-O cxd4 8. exd4
dxc4 9. Bxc4 a6 10. a4 Nc6 11. Bg5 h6 12. Bh4 Be7 13. Re1 Nh5 14. Bxe7 Nxe7 15.
d5 Nf4 16. d6 Nf5 17. Ne4 Bd7 18. Qd2 Ng6 19. Nd4 Rc8 20. b3 Ngh4 21. Nxf5 Nxf5
22. Ng3 Nxg3 1/2-1/2

[Event "Aeroflot Open 2010"]
[Site "Moscu RUS"]
[Date "2010.02.10"]
[Round "2.15"]
[White "Lenic, Luka"]
[Black "Moiseenko, Alexander"]
[Result "1/2-1/2"]
[WhiteElo "2595"]
[BlackElo "2677"]
[PlyCount "103"]
[EventDate "2010.02.09"]
[EventType "swiss"]
[EventRounds "9"]
[EventCountry "RUS"]
[Source "lmi"]
[SourceDate "2010.02.09"]

1. d4 Nf6 2. c4 e6 3. Nf3 d5 4. Nc3 Bb4 5. Qa4+ Nc6 6. e3 O-O 7. Bd2 dxc4 8.
Bxc4 Bd6 9. O-O a6 10. Rfe1 e5 11. d5 e4 12. Nxe4 Nxe4 13. dxc6 Nxd2 14. Nxd2
Bxh2+ 15. Kxh2 Qxd2 16. cxb7 Bxb7 17. Kg1 Rab8 18. Qa3 Rbd8 19. Qc5 Qd6 20.
Qxd6 Rxd6 21. Rac1 Rfd8 22. Be2 R8d7 23. Bg4 Re7 24. Red1 Rxd1+ 25. Bxd1 Kf8
26. Ba4 Bd5 27. b3 c6 28. Rc5 Re6 29. Kf1 Ke7 30. a3 Kd6 31. Ra5 Rh6 32. f3
Rh1+ 33. Kf2 Ra1 34. e4 Be6 35. Rxa6 Rxa3 36. Rxc6+ Ke7 37. Rb6 Ra2+ 38. Kg1 g5
39. Bc6 Kd6 40. Bd5+ Ke5 41. Bxe6 fxe6 42. Kh2 h5 43. b4 Rb2 44. b5 g4 45. Kg3
gxf3 46. gxf3 Rb3 47. Rb8 h4+ 48. Kg4 h3 49. Rh8 Kf6 50. Rxh3 Rxb5 51. f4 Rb1
52. e5+ 1/2-1/2

[Event "Aeroflot Open 2010"]
[Site "Moscu RUS"]
[Date "2010.02.10"]
[Round "2.16"]
[White "Romanov, Evgeny"]
[Black "Smirin, Ilia"]
[Result "1-0"]
[WhiteElo "2599"]
[BlackElo "2668"]
[PlyCount "125"]
[EventDate "2010.02.09"]
[EventType "swiss"]
[EventRounds "9"]
[EventCountry "RUS"]
[Source "lmi"]
[SourceDate "2010.02.09"]

1. g3 e5 2. c4 Nf6 3. Bg2 d5 4. cxd5 Nxd5 5. Nf3 Nc6 6. O-O Nb6 7. b3 Bd6 8.
Bb2 O-O 9. d3 Bg4 10. h3 Be6 11. Nbd2 Qd7 12. Kh2 f6 13. Ne4 Rfd8 14. Rc1 Qe7
15. Nfd2 a5 16. Nxd6 cxd6 17. Nc4 Nxc4 18. bxc4 d5 19. cxd5 Bxd5 20. Bxd5+ Rxd5
21. Qb3 Qf7 22. Rc4 Rd7 23. Rfc1 Kh8 24. Rc5 Qh5 25. R1c2 h6 26. Qe6 Re7 27.
Qg4 Qe8 28. R2c4 Qd8 29. Bc3 Rd7 30. a4 Re7 31. Kg2 Rd7 32. h4 Re7 33. Qh5 Kg8
34. g4 Qd7 35. Qf5 Re6 36. Rb5 Rae8 37. Qe4 h5 38. gxh5 Rd6 39. Rcc5 Nd8 40.
Rd5 Ne6 41. Rxd6 Qxd6 42. Rxb7 Nc5 43. Qc4+ Kh8 44. Rb5 Ne6 45. e3 Qd7 46. Qe4
Rc8 47. Bxa5 Nf4+ 48. exf4 Qg4+ 49. Kf1 Rc1+ 50. Be1 Qh3+ 51. Ke2 Qg4+ 52. f3
Qg2+ 53. Bf2 Qf1+ 54. Kd2 Qd1+ 55. Ke3 Rc8 56. Qb7 Qc1+ 57. Ke4 Qxf4+ 58. Kd5
Rd8+ 59. Ke6 Qxa4 60. h6 gxh6 61. Qe7 Qa6+ 62. Kf5 Qc8+ 63. Qe6 1-0

[Event "Aeroflot Open 2010"]
[Site "Moscu RUS"]
[Date "2010.02.10"]
[Round "2.17"]
[White "Zhigalko, Sergei"]
[Black "Zhou, Weiqi"]
[Result "0-1"]
[WhiteElo "2646"]
[BlackElo "2600"]
[PlyCount "92"]
[EventDate "2010.02.09"]
[EventType "swiss"]
[EventRounds "9"]
[EventCountry "RUS"]
[Source "lmi"]
[SourceDate "2010.02.09"]

1. e4 e5 2. Bc4 Nf6 3. d3 c6 4. Nf3 Be7 5. O-O d6 6. Re1 O-O 7. Nbd2 Nbd7 8. a3
b5 9. Ba2 Nc5 10. Nf1 a5 11. Ng3 Be6 12. d4 Bxa2 13. Rxa2 exd4 14. Nxd4 Qd7 15.
Ngf5 Rfe8 16. Nxe7+ Rxe7 17. f3 d5 18. Nf5 Ree8 19. Qd4 Ncxe4 20. Nxg7 Kxg7 21.
fxe4 Rxe4 22. Rxe4 dxe4 23. Be3 Rd8 24. Qxd7 Rxd7 25. Ra1 Kg6 26. h3 Nd5 27.
Bc5 f5 28. a4 b4 29. g3 h5 30. h4 f4 31. gxf4 Kf5 32. Bd4 e3 33. c4 bxc3 34.
bxc3 Kxf4 35. Re1 Ke4 36. Bc5 Kd3 37. c4 Kd2 38. Ra1 Nb4 39. Bb6 Rg7+ 40. Kh2
e2 41. Bxa5 c5 42. Ra2+ Ke3 43. Ra1 Kf2 44. Bb6 Nd3 45. Ba5 Rg2+ 46. Kh1 Rg4
0-1

[Event "Aeroflot Open 2010"]
[Site "Moscu RUS"]
[Date "2010.02.10"]
[Round "2.21"]
[White "Grigoriants, Sergey"]
[Black "Korobov, Anton"]
[Result "1-0"]
[WhiteElo "2560"]
[BlackElo "2642"]
[PlyCount "111"]
[EventDate "2010.02.09"]
[EventType "swiss"]
[EventRounds "9"]
[EventCountry "RUS"]
[Source "lmi"]
[SourceDate "2010.02.09"]

1. e4 c5 2. Nf3 d6 3. d4 cxd4 4. Nxd4 Nf6 5. Nc3 Nc6 6. Bg5 e6 7. Qd2 a6 8.
O-O-O h6 9. Nxc6 bxc6 10. Bf4 d5 11. Qe3 Qa5 12. a3 Qc5 13. Qe1 Be7 14. f3 d4
15. Na4 Qa7 16. Qa5 Nd7 17. Bc4 c5 18. Bc7 Qb7 19. b3 O-O 20. h4 Qc6 21. Bf4
Bd6 22. Qd2 Bb7 23. Nb2 Bxf4 24. Qxf4 e5 25. Qd2 a5 26. a4 Nb6 27. Bb5 Qd6 28.
Qd3 Bc8 29. g4 c4 30. Nxc4 Nxc4 31. Bxc4 Be6 32. Bxe6 fxe6 33. Kb2 Qb4 34. Rhf1
Rfc8 35. Qe2 Rab8 36. Ka2 Qc5 37. Rf2 Rb4 38. Rd3 Rcb8 39. Qd2 Qb6 40. Qc1 Qc5
41. Rg2 Kf8 42. h5 Qe7 43. g5 hxg5 44. Rxg5 Rc8 45. h6 gxh6 46. Rxe5 Kg7 47.
Rh5 Qf6 48. Rd1 e5 49. Rdh1 Qc6 50. Qg1+ Qg6 51. Qh2 Rb6 52. Qxe5+ Qf6 53. Rg1+
Kh7 54. Rxh6+ Qxh6 55. Qf5+ Rg6 56. Qd7+ 1-0

[Event "Aeroflot Open 2010"]
[Site "Moscu RUS"]
[Date "2010.02.10"]
[Round "2.22"]
[White "Bareev, Evgeny"]
[Black "Svetushkin, Dmitry"]
[Result "1-0"]
[WhiteElo "2643"]
[BlackElo "2573"]
[PlyCount "125"]
[EventDate "2010.02.09"]
[EventType "swiss"]
[EventRounds "9"]
[EventCountry "RUS"]
[Source "lmi"]
[SourceDate "2010.02.09"]

1. d4 Nf6 2. c4 e6 3. Nc3 Bb4 4. Nf3 b6 5. Bg5 Bb7 6. e3 h6 7. Bh4 Bxc3+ 8.
bxc3 d6 9. Nd2 Nc6 10. Bd3 g5 11. Bg3 Qe7 12. Nb3 O-O-O 13. a4 a5 14. Rb1 Nd7
15. Qe2 f5 16. f3 h5 17. e4 h4 18. Bf2 fxe4 19. fxe4 e5 20. d5 Ncb8 21. Qg4
Rdf8 22. Be3 Na6 23. c5 Naxc5 24. Nxc5 dxc5 25. Bb5 Rhg8 26. g3 Kd8 27. Bxd7
Qxd7 28. Bxg5+ Kc8 29. Qxd7+ Kxd7 30. gxh4 Ba6 31. Rb2 Bd3 32. Rg1 Rf4 33. Kd2
Rf2+ 34. Kc1 Rgf8 35. Rd2 Bxe4 36. h5 R8f3 37. Rxf2 Rxf2 38. Re1 Bf3 39. h6
Rxh2 40. Rxe5 c4 41. Re7+ Kd6 42. h7 Rh1+ 43. Kd2 Bxd5 44. Ke3 Be6 45. Kf4 b5
46. axb5 a4 47. Rg7 Rf1+ 48. Kg3 Rh1 49. Kf4 Rf1+ 50. Ke3 Re1+ 51. Kd4 Rd1+ 52.
Ke4 Re1+ 53. Kd4 Rd1+ 54. Ke4 Re1+ 55. Be3 Bd5+ 56. Kf5 Be6+ 57. Kg6 Rh1 58.
Bh6 Rg1+ 59. Kf6 Rf1+ 60. Kg5 Rg1+ 61. Kf4 Rf1+ 62. Ke3 Rf8 63. Rd7+ 1-0

[Event "Aeroflot Open 2010"]
[Site "Moscu RUS"]
[Date "2010.02.10"]
[Round "2.23"]
[White "Yudin, Sergei"]
[Black "Predojevic, Borki"]
[Result "1/2-1/2"]
[WhiteElo "2573"]
[BlackElo "2642"]
[PlyCount "42"]
[EventDate "2010.02.09"]
[EventType "swiss"]
[EventRounds "9"]
[EventCountry "RUS"]
[Source "lmi"]
[SourceDate "2010.02.09"]

1. e4 e5 2. Nf3 Nc6 3. Bc4 Nf6 4. d3 Bc5 5. Bb3 O-O 6. O-O d5 7. exd5 Nxd5 8.
h3 a5 9. a3 f6 10. c3 Be6 11. d4 exd4 12. cxd4 Ba7 13. Re1 Bf7 14. Nc3 Qd7 15.
Be3 Rad8 16. Rc1 Kh8 17. Ne4 Nce7 18. Bd2 b6 19. Nc3 c6 20. Nxd5 Bxd5 21. Bxd5
Nxd5 1/2-1/2

[Event "Aeroflot Open 2010"]
[Site "Moscu RUS"]
[Date "2010.02.10"]
[Round "2.24"]
[White "Zvjaginsev, Vadim"]
[Black "Morovic Fernandez, Ivan"]
[Result "1-0"]
[WhiteElo "2642"]
[BlackElo "2561"]
[PlyCount "79"]
[EventDate "2010.02.09"]
[EventType "swiss"]
[EventRounds "9"]
[EventCountry "RUS"]
[Source "lmi"]
[SourceDate "2010.02.09"]

1. e4 e5 2. Nc3 Nf6 3. Nf3 Bb4 4. Bc4 O-O 5. O-O Bxc3 6. dxc3 d6 7. Bg5 h6 8.
Bh4 Be6 9. Bd3 Nbd7 10. Nd2 Nc5 11. Re1 g5 12. Bg3 Ne8 13. f3 Ng7 14. Bf2 b6
15. b4 Na4 16. c4 c5 17. Qb1 cxb4 18. Qxb4 Nc5 19. Nf1 f5 20. exf5 Nxf5 21.
Rad1 Qc7 22. Bxf5 Rxf5 23. Bxc5 bxc5 24. Qd2 Rd8 25. h4 Qg7 26. Ng3 Rff8 27.
hxg5 hxg5 28. Ne4 g4 29. fxg4 Bxg4 30. Re3 Bf3 31. Qd5+ Kh8 32. Rd2 Rf4 33. g3
Bxe4 34. Rxe4 Qxg3+ 35. Rg2 Qf3 36. Rxf4 Qxf4 37. Rh2+ Kg7 38. Qb7+ Kg6 39.
Qh7+ Kf6 40. Rh6+ 1-0

[Event "Aeroflot Open 2010"]
[Site "Moscu RUS"]
[Date "2010.02.10"]
[Round "2.25"]
[White "Danin, Alexandre"]
[Black "Van Wely, Loek"]
[Result "0-1"]
[WhiteElo "2519"]
[BlackElo "2641"]
[PlyCount "54"]
[EventDate "2010.02.09"]
[EventType "swiss"]
[EventRounds "9"]
[EventCountry "RUS"]
[Source "lmi"]
[SourceDate "2010.02.09"]

1. e4 c5 2. Nf3 e6 3. d4 cxd4 4. Nxd4 Nf6 5. Nc3 d6 6. Bg5 Be7 7. f4 h6 8. Bh4
Nc6 9. Qd3 a6 10. O-O-O Bd7 11. Be2 Rc8 12. Nxc6 Bxc6 13. Bf3 b5 14. Ne2 O-O
15. Bxf6 Bxf6 16. Qxd6 Qa5 17. a3 Qb6 18. Qd3 e5 19. f5 b4 20. Qb3 a5 21. Kb1
Bb5 22. Nc1 Qc6 23. axb4 axb4 24. Nd3 Bc4 25. Nxb4 Qb7 26. Qc3 Be7 27. Qxe5
Bxb4 0-1

[Event "Aeroflot Open 2010"]
[Site "Moscu RUS"]
[Date "2010.02.10"]
[Round "2.26"]
[White "Kobalia, Mikhail"]
[Black "Shomoev, Anton"]
[Result "1/2-1/2"]
[WhiteElo "2637"]
[BlackElo "2559"]
[PlyCount "38"]
[EventDate "2010.02.09"]
[EventType "swiss"]
[EventRounds "9"]
[EventCountry "RUS"]
[Source "lmi"]
[SourceDate "2010.02.09"]

1. e4 c5 2. Nf3 d6 3. d4 cxd4 4. Nxd4 Nf6 5. Nc3 a6 6. f4 e6 7. Bd3 Nbd7 8. Nf3
g6 9. a4 Bg7 10. O-O O-O 11. Kh1 b6 12. Qe2 Bb7 13. Be3 Qc7 14. Rae1 Nc5 15.
Bd4 Nh5 16. Bxg7 Nxg7 17. Qe3 f5 18. e5 Bxf3 19. Rxf3 d5 1/2-1/2

[Event "Aeroflot Open 2010"]
[Site "Moscu RUS"]
[Date "2010.02.10"]
[Round "2.28"]
[White "Salem, A.R. Saleh"]
[Black "Tregubov, Pavel V"]
[Result "1-0"]
[WhiteElo "2484"]
[BlackElo "2628"]
[PlyCount "81"]
[EventDate "2010.02.09"]
[EventType "swiss"]
[EventRounds "9"]
[EventCountry "RUS"]
[Source "lmi"]
[SourceDate "2010.02.09"]

1. d4 d5 2. c4 e6 3. Nc3 Be7 4. cxd5 exd5 5. Bf4 Nf6 6. e3 O-O 7. Bd3 c5 8.
Nge2 Nc6 9. O-O c4 10. Bc2 Bg4 11. f3 Bh5 12. Kh1 Qa5 13. a3 Rad8 14. b4 cxb3
15. Bxb3 Rfe8 16. Qd2 Bg6 17. Qa2 h6 18. Be5 Kh7 19. Bxf6 Bxf6 20. Nxd5 Rxd5
21. Bxd5 Rxe3 22. Nf4 Bxd4 23. Nxg6 fxg6 24. Rad1 Bf6 25. Be4 Rxa3 26. Qf7 Ne7
27. Qe8 Qa4 28. Qb8 Qb5 29. Rfe1 Qb4 30. Qe8 Ra2 31. Rg1 Rd2 32. Rc1 h5 33. h4
Rd4 34. Rge1 Nf5 35. Bxf5 Rxh4+ 36. Bh3 g5 37. Re4 Qa3 38. Rxh4 Qxc1+ 39. Kh2
Qc7+ 40. f4 g6 41. Bf5 1-0

[Event "Aeroflot Open 2010"]
[Site "Moscu RUS"]
[Date "2010.02.10"]
[Round "2.29"]
[White "McShane, Luke J"]
[Black "Ajrapetjan, Yuriy"]
[Result "1-0"]
[WhiteElo "2616"]
[BlackElo "2525"]
[PlyCount "155"]
[EventDate "2010.02.09"]
[EventType "swiss"]
[EventRounds "9"]
[EventCountry "RUS"]
[Source "lmi"]
[SourceDate "2010.02.09"]

1. e4 e5 2. Nf3 Nc6 3. Bb5 Nf6 4. O-O Nxe4 5. d4 Nd6 6. Bxc6 dxc6 7. dxe5 Nf5
8. Qxd8+ Kxd8 9. Nc3 Ke8 10. h3 b6 11. Ne4 c5 12. c3 h6 13. Re1 Be6 14. g4 Ne7
15. Ng3 Rd8 16. Nh4 Rd3 17. Ng2 Ng6 18. Kh2 Rf3 19. Nh5 Nxe5 20. Rxe5 Bd6 21.
Bf4 Rxf4 22. Rxe6+ fxe6 23. Ngxf4 g6 24. Kg2 gxh5 25. Nxh5 Kf7 26. Rd1 a5 27.
a4 Ke7 28. Ng3 Rf8 29. Ne4 Be5 30. b3 Rb8 31. Kf3 Bd6 32. Ke3 Rf8 33. f3 Bf4+
34. Ke2 Rg8 35. h4 Rb8 36. Kd3 Rf8 37. Ke2 Rb8 38. Kd3 Rf8 39. Rf1 Rd8+ 40. Kc2
Rf8 41. Re1 Rd8 42. Re2 Rf8 43. Rf2 Be3 44. Rf1 Bf4 45. Kd3 Rd8+ 46. Ke2 Rb8
47. Ra1 Rd8 48. Ra2 Rb8 49. h5 Rd8 50. Nf2 Rf8 51. Nd3 Rf7 52. Ra1 Rf8 53. Rd1
Rf7 54. Kf2 Rf8 55. Ke2 Rf7 56. Rh1 Rf8 57. Ra1 Rf7 58. Ra2 Rf8 59. Kf2 Bg5 60.
Ne5 Kd6 61. Ng6 Rf7 62. Re2 Bf6 63. Rd2+ Kc6 64. c4 Bc3 65. Rd8 Bf6 66. Ke2 Rg7
67. Rf8 Bc3 68. Kd3 Ba1 69. Ke4 Kb7 70. Ne5 Rg5 71. Nf7 Rg7 72. Nd8+ Ka7 73.
Nxe6 Rd7 74. f4 Rd1 75. Nxc7 Re1+ 76. Kd5 Kb7 77. Nb5 Rd1+ 78. Ke4 1-0

[Event "Aeroflot Open 2010"]
[Site "Moscu RUS"]
[Date "2010.02.10"]
[Round "2.30"]
[White "Novikov, Stanislav"]
[Black "Nguyen, Ngoc Truong Son"]
[Result "0-1"]
[WhiteElo "2557"]
[BlackElo "2616"]
[PlyCount "120"]
[EventDate "2010.02.09"]
[EventType "swiss"]
[EventRounds "9"]
[EventCountry "RUS"]
[Source "lmi"]
[SourceDate "2010.02.09"]

1. e4 c5 2. Nf3 e6 3. b3 Nc6 4. Bb2 d6 5. d4 cxd4 6. Nxd4 e5 7. Nxc6 bxc6 8.
Bd3 Nf6 9. O-O Be7 10. Nd2 O-O 11. f4 Ng4 12. Qe2 exf4 13. Rxf4 Ne5 14. Nc4 Ng6
15. Rff1 Be6 16. Rad1 Qc7 17. Ne3 Rfe8 18. Kh1 Bf8 19. Qf3 Rad8 20. Qg3 Qa5 21.
a3 Qh5 22. Nf5 Bxf5 23. exf5 Ne5 24. Ba6 Ng4 25. Rd3 Re4 26. Rd4 Rde8 27. Bd3
Ne3 28. Bxe4 Nxf1 29. Qf4 c5 30. Qxf1 cxd4 31. Bd3 Qg4 32. g3 h5 33. Kg2 h4 34.
Qf3 h3+ 35. Kf2 Qg5 36. Qf4 Qe7 37. Kf3 Qe1 38. Kg4 Re2 39. Bxe2 Qxe2+ 40. Qf3
Qxh2 41. Bxd4 Qd2 42. c3 h2 43. Qh1 Qe2+ 44. Kh3 Qh5+ 45. Kg2 Qxf5 46. b4 Qc2+
47. Kh3 g5 48. g4 Qh7+ 49. Kg2 Bg7 50. Bxg7 Qc2+ 51. Kg3 Kxg7 52. Qd5 Qxc3+ 53.
Kxh2 Qe5+ 54. Qxe5+ dxe5 55. Kg2 Kf6 56. Kf3 Ke6 57. Ke4 Kd6 58. a4 Ke6 59. Ke3
f5 60. gxf5+ Kxf5 0-1

[Event "Aeroflot Open 2010"]
[Site "Moscu RUS"]
[Date "2010.02.10"]
[Round "2.33"]
[White "Volkov, Sergey"]
[Black "Salgado Lopez, Ivan"]
[Result "1/2-1/2"]
[WhiteElo "2623"]
[BlackElo "2584"]
[PlyCount "162"]
[EventDate "2010.02.09"]
[EventType "swiss"]
[EventRounds "9"]
[EventCountry "RUS"]
[Source "lmi"]
[SourceDate "2010.02.09"]

1. d4 d5 2. c4 c6 3. Nf3 Nf6 4. e3 Bg4 5. Nc3 e6 6. Qb3 Qb6 7. Nh4 Bh5 8. h3
Na6 9. g4 Bg6 10. Nxg6 hxg6 11. g5 Nd7 12. Bd2 Qxb3 13. axb3 Nc7 14. Bg2 Be7
15. f4 a6 16. e4 dxe4 17. Nxe4 O-O-O 18. Ke2 f5 19. Nf2 e5 20. fxe5 Nf8 21. Bc3
Nfe6 22. Rad1 Rh4 23. Bf3 Nxd4+ 24. Bxd4 Rhxd4 25. Rxd4 Rxd4 26. h4 Ne6 27. Nd3
Rd8 28. Ke3 a5 29. Be2 Rh8 30. Bf3 Kc7 31. Kf2 Rd8 32. Rd1 Bc5+ 33. Nxc5 Nxc5
34. Ke3 Nxb3 35. h5 gxh5 36. Bxh5 Rxd1 37. Bxd1 Nc5 38. g6 Ne6 39. Be2 Kd7 40.
Bd3 f4+ 41. Kf3 Ke7 42. Kg4 a4 43. Bf1 Kd7 44. Bd3 Ke7 45. Bf1 f3 46. Kxf3 b5
47. cxb5 cxb5 48. Ke4 b4 49. Bc4 a3 50. bxa3 bxa3 51. Ba2 Nf8 52. Kf5 Nd7 53.
Ke4 Kd8 54. Bf7 Nb6 55. Kd4 Na4 56. Ba2 Ke7 57. Kc4 Nb6+ 58. Kb4 Nd7 59. Kxa3
Nxe5 60. Kb4 Nxg6 61. Kc3 Kf6 62. Kd4 Kg5 63. Ke3 Kh4 64. Kf3 Ne5+ 65. Kg2 Kg4
66. Be6+ Kf4 67. Bc8 Ng6 68. Bd7 Ne7 69. Kf2 Nf5 70. Kg2 g6 71. Bxf5 Kxf5 72.
Kf3 Kg5 73. Kg3 Kf5 74. Kf3 g5 75. Kg3 g4 76. Kg2 Kf4 77. Kf2 g3+ 78. Kg2 Kg4
79. Kg1 Kf3 80. Kf1 g2+ 81. Kg1 Kg3 1/2-1/2